{"text_format":"3","workbook":"xlsx","n_sheets":1,"sheets":["t320"],"read":"whole","date_system":"1900"}

{"sheet":"t320","index":0,"n_rows":172,"n_cols":7,"rows_kept":172,"merged":[[0,0,0,6],[30,0,30,5],[51,0,51,5],[149,0,149,5]]}
["TABELA 320.1 - Estatísticas Agrícolas, Município de Manduri, Estado de São Paulo, 2007/08."]
["ITEM","UNIDADE","N.DE UPAs","MÍNIMO","MÉDIO","MÁXIMO","TOTAL"]
["Distância à sede do município","km",385,0.1,{"v":10.78,"d":"10.8"},{"v":28,"d":"28.0"},"-"]
["Área total","hectare",385,{"v":2,"d":"2.0"},{"v":55.93,"d":"55.9"},{"v":3383,"d":"3,383.0"},{"v":21532.8,"d":"21,532.8"}]
["Área com cultura perene","hectare",177,{"v":1,"d":"1.0"},{"v":8.05,"d":"8.1"},{"v":121,"d":"121.0"},{"v":1424.9,"d":"1,424.9"}]
["Área com cultura temporária","hectare",153,{"v":1,"d":"1.0"},{"v":42.84,"d":"42.8"},{"v":1677,"d":"1,677.0"},{"v":6554,"d":"6,554.0"}]
["Área com pastagem","hectare",337,0.5,{"v":24.49,"d":"24.5"},{"v":393,"d":"393.0"},{"v":8253.2,"d":"8,253.2"}]
["Área com reflorestamento","hectare",105,0.5,{"v":16.51,"d":"16.5"},795.6,{"v":1733.1,"d":"1,733.1"}]
["Área com vegetação natural","hectare",244,0.2,10.6,{"v":1400,"d":"1,400.0"},{"v":2585.3,"d":"2,585.3"}]
["Área com vegetação de brejo e várzea","hectare",112,0.2,{"v":2.98,"d":"3.0"},{"v":100,"d":"100.0"},333.6]
["Área em descanso","hectare",47,0.2,{"v":1.97,"d":"2.0"},{"v":10,"d":"10.0"},92.4]
["Área complementar","hectare",356,0.1,{"v":1.56,"d":"1.6"},{"v":40,"d":"40.0"},556.3]
["Área das UPAs com (0, 1] ha","hectare","-","-","-","-","-"]
["Área das UPAs com (1, 2] ha","hectare",6,{"v":2,"d":"2.0"},{"v":2,"d":"2.0"},{"v":2,"d":"2.0"},{"v":12,"d":"12.0"}]
["Área das UPAs com (2, 5] ha","hectare",36,2.1,{"v":3.94,"d":"3.9"},{"v":5,"d":"5.0"},{"v":142,"d":"142.0"}]
["Área das UPAs com (5, 10] ha","hectare",63,5.5,7.9,{"v":10,"d":"10.0"},{"v":498,"d":"498.0"}]
["Área das UPAs com (10, 20] ha","hectare",75,10.7,{"v":14.96,"d":"15.0"},{"v":20,"d":"20.0"},{"v":1122.2,"d":"1,122.2"}]
["Área das UPAs com (20, 50] ha","hectare",117,21.1,{"v":32.49,"d":"32.5"},49.1,{"v":3800.9,"d":"3,800.9"}]
["Área das UPAs com (50, 100] ha","hectare",40,50.1,65.8,96.8,{"v":2631.8,"d":"2,631.8"}]
["Área das UPAs com (100, 200] ha","hectare",35,101.9,{"v":135.61,"d":"135.6"},194.2,{"v":4746.5,"d":"4,746.5"}]
["Área das UPAs com (200, 500] ha","hectare",9,200.2,255.7,488.5,{"v":2301.3,"d":"2,301.3"}]
["Área das UPAs com (500, 1.000] ha","hectare",2,{"v":640,"d":"640.0"},{"v":705,"d":"705.0"},{"v":770,"d":"770.0"},{"v":1410,"d":"1,410.0"}]
["Área das UPAs com (1.000, 2.000] ha","hectare",1,{"v":1485.1,"d":"1,485.1"},{"v":1485.1,"d":"1,485.1"},{"v":1485.1,"d":"1,485.1"},{"v":1485.1,"d":"1,485.1"}]
["Área das UPAs com (2.000, 5.000] ha","hectare",1,{"v":3383,"d":"3,383.0"},{"v":3383,"d":"3,383.0"},{"v":3383,"d":"3,383.0"},{"v":3383,"d":"3,383.0"}]
["Área das UPAs com (5.000, 10.000] ha","hectare","-","-","-","-","-"]
["Área das UPAs acima de 10.000 ha","hectare","-","-","-","-","-"]
["Familiares do proprietário que trabalham na UPA","unidade",282,{"v":1,"d":"1.0"},{"v":1.27,"d":"1.3"},{"v":6,"d":"6.0"},{"v":358,"d":"358.0"}]
["Trabalhadores permanentes","unidade",138,{"v":1,"d":"1.0"},{"v":2.88,"d":"2.9"},{"v":73,"d":"73.0"},{"v":397,"d":"397.0"}]
["Fonte: Secretaria de Agricultura e Abastecimento, CDRS/IEA, Projeto LUPA."]
[]
["TABELA 320.2 - Explorações Animais, Município de Manduri, Estado de São Paulo, 2007/08."]
["ITEM","UNIDADE","N.DE UPAs","MÍNIMO","MÉDIO","MÁXIMO","TOTAL"]
["Apicultura","colmeias",7,{"v":1,"d":"1.0"},{"v":56.14,"d":"56.1"},{"v":380,"d":"380.0"},{"v":393,"d":"393.0"}]
["Asininos E Muares","cabeças",196,{"v":1,"d":"1.0"},{"v":1.31,"d":"1.3"},{"v":13,"d":"13.0"},{"v":256,"d":"256.0"}]
["Avestruzes e Ema (Criadouro)","cabeças",1,{"v":46,"d":"46.0"},{"v":46,"d":"46.0"},{"v":46,"d":"46.0"},{"v":46,"d":"46.0"}]
["Avicultura de Corte","cabeças/ano",2,{"v":6000,"d":"6,000.0"},{"v":7000,"d":"7,000.0"},{"v":8000,"d":"8,000.0"},{"v":14000,"d":"14,000.0"}]
["Avicultura para Ovos","cabeças",1,{"v":15000,"d":"15,000.0"},{"v":15000,"d":"15,000.0"},{"v":15000,"d":"15,000.0"},{"v":15000,"d":"15,000.0"}]
["Bovinocultura de Corte","cabeças",68,{"v":6,"d":"6.0"},{"v":60.68,"d":"60.7"},{"v":326,"d":"326.0"},{"v":4126,"d":"4,126.0"}]
["Bovinocultura Leiteira","cabeças",13,{"v":4,"d":"4.0"},{"v":33.08,"d":"33.1"},{"v":106,"d":"106.0"},{"v":430,"d":"430.0"}]
["Bovinocultura Mista","cabeças",250,{"v":1,"d":"1.0"},{"v":32.01,"d":"32.0"},{"v":270,"d":"270.0"},{"v":8002,"d":"8,002.0"}]
["Bubalinocultura","cabeças",1,{"v":1,"d":"1.0"},{"v":1,"d":"1.0"},{"v":1,"d":"1.0"},{"v":1,"d":"1.0"}]
["Caprinocultura","cabeças",1,{"v":28,"d":"28.0"},{"v":28,"d":"28.0"},{"v":28,"d":"28.0"},{"v":28,"d":"28.0"}]
["Codornicultura","cabeças",1,{"v":1,"d":"1.0"},{"v":1,"d":"1.0"},{"v":1,"d":"1.0"},{"v":1,"d":"1.0"}]
["Equinocultura","cabeças",301,{"v":1,"d":"1.0"},{"v":1.95,"d":"2.0"},{"v":27,"d":"27.0"},{"v":587,"d":"587.0"}]
["Helicicultura","viveiros",1,{"v":18,"d":"18.0"},{"v":18,"d":"18.0"},{"v":18,"d":"18.0"},{"v":18,"d":"18.0"}]
["Minhocultura","canteiros",2,{"v":1,"d":"1.0"},1.5,{"v":2,"d":"2.0"},{"v":3,"d":"3.0"}]
["Ovinocultura","cabeças",4,{"v":6,"d":"6.0"},{"v":18.25,"d":"18.3"},{"v":40,"d":"40.0"},{"v":73,"d":"73.0"}]
["Piscicultura","m² tanques",4,{"v":1,"d":"1.0"},{"v":3.75,"d":"3.8"},{"v":6,"d":"6.0"},{"v":15,"d":"15.0"}]
["Suinocultura","cabeças",105,{"v":1,"d":"1.0"},{"v":5.95,"d":"6.0"},{"v":50,"d":"50.0"},{"v":625,"d":"625.0"}]
["Fonte: Secretaria de Agricultura e Abastecimento, CDRS/IEA, Projeto LUPA."]
[]
["TABELA 320.3 -  Máquinas, Implementos e Benfeitorias, Município de Manduri, Estado de São Paulo, 2007/08."]
["ITEM","UNIDADE","N.DE UPAs","MÍNIMO","MÉDIO","MÁXIMO","TOTAL"]
["Arado Comum (Bacia, Aiveca)","Unidade",86,{"v":1,"d":"1.0"},{"v":1.08,"d":"1.1"},{"v":3,"d":"3.0"},{"v":93,"d":"93.0"}]
["Arado Escarificador","Unidade",9,{"v":1,"d":"1.0"},{"v":1.11,"d":"1.1"},{"v":2,"d":"2.0"},{"v":10,"d":"10.0"}]
["Arado Subsolador","Unidade",3,{"v":1,"d":"1.0"},{"v":1,"d":"1.0"},{"v":1,"d":"1.0"},{"v":3,"d":"3.0"}]
["Batedeira de Cereais","Unidade",52,{"v":1,"d":"1.0"},{"v":1.04,"d":"1.0"},{"v":3,"d":"3.0"},{"v":54,"d":"54.0"}]
["Colhedeira Acoplada","Unidade",8,{"v":1,"d":"1.0"},{"v":1,"d":"1.0"},{"v":1,"d":"1.0"},{"v":8,"d":"8.0"}]
["Computador","Unidade",1,{"v":2,"d":"2.0"},{"v":2,"d":"2.0"},{"v":2,"d":"2.0"},{"v":2,"d":"2.0"}]
["Conj.Irrigação Autopropelido","Unidade",1,{"v":1,"d":"1.0"},{"v":1,"d":"1.0"},{"v":1,"d":"1.0"},{"v":1,"d":"1.0"}]
["Conj.Irrigação Convencional","Unidade",13,{"v":1,"d":"1.0"},{"v":1.08,"d":"1.1"},{"v":2,"d":"2.0"},{"v":14,"d":"14.0"}]
["Conj.Irrigação Pivot Central","Unidade",5,{"v":1,"d":"1.0"},1.8,{"v":4,"d":"4.0"},{"v":9,"d":"9.0"}]
["Conj.Irrigação/Gotejamento/Microaspersão","Unidade",2,{"v":1,"d":"1.0"},{"v":2,"d":"2.0"},{"v":3,"d":"3.0"},{"v":4,"d":"4.0"}]
["Desintegrador, Picador, Triturador","Unidade",260,{"v":1,"d":"1.0"},{"v":1.04,"d":"1.0"},{"v":4,"d":"4.0"},{"v":271,"d":"271.0"}]
["Distribuidor de Calcário","Unidade",2,{"v":1,"d":"1.0"},1.5,{"v":2,"d":"2.0"},{"v":3,"d":"3.0"}]
["Ensiladeira","Unidade",3,{"v":1,"d":"1.0"},{"v":1,"d":"1.0"},{"v":1,"d":"1.0"},{"v":3,"d":"3.0"}]
["Grade Aradora (Tipo Romi)","Unidade",30,{"v":1,"d":"1.0"},{"v":1.73,"d":"1.7"},{"v":16,"d":"16.0"},{"v":52,"d":"52.0"}]
["Grade Niveladora","Unidade",104,{"v":1,"d":"1.0"},{"v":1.06,"d":"1.1"},{"v":3,"d":"3.0"},{"v":110,"d":"110.0"}]
["Implementos para Tração Animal","Unidade",262,{"v":1,"d":"1.0"},{"v":2.84,"d":"2.8"},{"v":16,"d":"16.0"},{"v":743,"d":"743.0"}]
["Microtrator","Unidade",1,{"v":1,"d":"1.0"},{"v":1,"d":"1.0"},{"v":1,"d":"1.0"},{"v":1,"d":"1.0"}]
["Misturador de Ração","Unidade",27,{"v":1,"d":"1.0"},{"v":1,"d":"1.0"},{"v":1,"d":"1.0"},{"v":27,"d":"27.0"}]
["Ordenhadeira Mecânica","Unidade",5,{"v":1,"d":"1.0"},{"v":1,"d":"1.0"},{"v":1,"d":"1.0"},{"v":5,"d":"5.0"}]
["Pulverizador Tratorizado","Unidade",10,{"v":1,"d":"1.0"},1.2,{"v":2,"d":"2.0"},{"v":12,"d":"12.0"}]
["Resfriador de Leite, Tanque Expansão","Unidade",6,{"v":1,"d":"1.0"},{"v":1.17,"d":"1.2"},{"v":2,"d":"2.0"},{"v":7,"d":"7.0"}]
["Semeadeira/Adubadeira para Plantio Convencional","Unidade",30,{"v":1,"d":"1.0"},{"v":1.03,"d":"1.0"},{"v":2,"d":"2.0"},{"v":31,"d":"31.0"}]
["Semeadeira/Plantadeira Plantio Direto","Unidade",62,{"v":1,"d":"1.0"},{"v":1.18,"d":"1.2"},{"v":8,"d":"8.0"},{"v":73,"d":"73.0"}]
["Trator de Esteiras","Unidade",3,{"v":1,"d":"1.0"},{"v":2,"d":"2.0"},{"v":4,"d":"4.0"},{"v":6,"d":"6.0"}]
["Trator de Pneus","Unidade",167,{"v":1,"d":"1.0"},1.3,{"v":20,"d":"20.0"},{"v":217,"d":"217.0"}]
["Açude/Represa","Unidade",162,{"v":1,"d":"1.0"},{"v":1.41,"d":"1.4"},{"v":9,"d":"9.0"},{"v":228,"d":"228.0"}]
["Almoxarifado/Oficina","Unidade",8,{"v":1,"d":"1.0"},{"v":1.38,"d":"1.4"},{"v":4,"d":"4.0"},{"v":11,"d":"11.0"}]
["Armazém para Grãos Ensacados","Sacas",62,{"v":1,"d":"1.0"},{"v":1.06,"d":"1.1"},{"v":2,"d":"2.0"},{"v":66,"d":"66.0"}]
["Balança para Bovinos","Unidade",14,{"v":1,"d":"1.0"},{"v":1,"d":"1.0"},{"v":1,"d":"1.0"},{"v":14,"d":"14.0"}]
["Balança para Veículos","Unidade",1,{"v":1,"d":"1.0"},{"v":1,"d":"1.0"},{"v":1,"d":"1.0"},{"v":1,"d":"1.0"}]
["Barracão para Bicho da Seda/Sirgaria","Unidade",1,{"v":1,"d":"1.0"},{"v":1,"d":"1.0"},{"v":1,"d":"1.0"},{"v":1,"d":"1.0"}]
["Barracão para Granja/Avicultura","Unidade",2,{"v":1,"d":"1.0"},{"v":1,"d":"1.0"},{"v":1,"d":"1.0"},{"v":2,"d":"2.0"}]
["Barracão/Galpão/Garagem","Unidade",11,{"v":1,"d":"1.0"},{"v":1.55,"d":"1.6"},{"v":4,"d":"4.0"},{"v":17,"d":"17.0"}]
["Biodigestor","Unidade",1,{"v":3,"d":"3.0"},{"v":3,"d":"3.0"},{"v":3,"d":"3.0"},{"v":3,"d":"3.0"}]
["Casa de Moradia Habitada","Unidade",270,{"v":1,"d":"1.0"},1.6,{"v":63,"d":"63.0"},{"v":432,"d":"432.0"}]
["Casa de Moradia Total","Unidade",214,{"v":1,"d":"1.0"},{"v":1.27,"d":"1.3"},{"v":7,"d":"7.0"},{"v":271,"d":"271.0"}]
["Curral/Mangueira","Unidade",232,{"v":1,"d":"1.0"},{"v":1.06,"d":"1.1"},{"v":3,"d":"3.0"},{"v":245,"d":"245.0"}]
["Depósito/Tulha","Unidade",185,{"v":1,"d":"1.0"},{"v":1.11,"d":"1.1"},{"v":7,"d":"7.0"},{"v":206,"d":"206.0"}]
["Engenho","Unidade",3,{"v":1,"d":"1.0"},{"v":1,"d":"1.0"},{"v":1,"d":"1.0"},{"v":3,"d":"3.0"}]
["Estábulo","Unidade",125,{"v":1,"d":"1.0"},{"v":1.06,"d":"1.1"},{"v":3,"d":"3.0"},{"v":132,"d":"132.0"}]
["Estufa/Plasticultura","m²",6,{"v":1,"d":"1.0"},{"v":168.83,"d":"168.8"},{"v":1000,"d":"1,000.0"},{"v":1013,"d":"1,013.0"}]
["Pocilga","Unidade",6,{"v":1,"d":"1.0"},1.5,{"v":4,"d":"4.0"},{"v":9,"d":"9.0"}]
["Poço Semi-Artesiano","Unidade",24,{"v":1,"d":"1.0"},{"v":1.13,"d":"1.1"},{"v":2,"d":"2.0"},{"v":27,"d":"27.0"}]
["Silo para Silagem","t",12,{"v":1,"d":"1.0"},{"v":51.17,"d":"51.2"},{"v":600,"d":"600.0"},{"v":614,"d":"614.0"}]
["Terreiro","m²",187,{"v":1,"d":"1.0"},{"v":257.69,"d":"257.7"},{"v":1800,"d":"1,800.0"},{"v":48188,"d":"48,188.0"}]
["Fonte: Secretaria de Agricultura e Abastecimento, CDRS/IEA, Projeto LUPA."]
[]
["TABELA 320.4 - Outras Estatísticas Agrícolas, Município de Manduri, Estado de São Paulo, 2007/08."]
["ITEM","Número de UPAs",null,"Percentual"]
["Faz Parte de Associação de Produtores",318,null,{"v":82.59740259740259,"d":"82.6"}]
["Faz Parte de Cooperativa de Produtores",333,null,{"v":86.49350649350649,"d":"86.5"}]
["Faz Parte do Sindicato de Produtores",290,null,{"v":75.32467532467533,"d":"75.3"}]
["Não utiliza assistência técnica ",95,null,{"v":24.675324675324674,"d":"24.7"}]
["Utiliza somente assistência técnica governamental ",27,null,{"v":7.012987012987013,"d":"7.0"}]
["Utiliza somente assistência técnica privada ",31,null,{"v":8.051948051948052,"d":"8.1"}]
["Utiliza assistência técnica tanto governamental quanto privada",232,null,{"v":60.259740259740255,"d":"60.3"}]
["Utiliza Crédito Rural",122,null,{"v":31.68831168831169,"d":"31.7"}]
["Utiliza Seguro Rural",23,null,{"v":5.974025974025974,"d":"6.0"}]
["Utiliza Escrituração Agrícola",122,null,{"v":31.68831168831169,"d":"31.7"}]
["Acessa Internet p/ Fins na Agropecuária",6,null,{"v":1.5584415584415585,"d":"1.6"}]
["Utiliza Computador nas Atividades Agropecuárias",22,null,{"v":5.714285714285714,"d":"5.7"}]
["Utiliza Energia Elétrica Para Uso na Atividade Agrícola",346,null,{"v":89.87012987012987,"d":"89.9"}]
["Realiza Análise de Solo, quando necessário",122,null,{"v":31.68831168831169,"d":"31.7"}]
["Utiliza Práticas de Conservação de Solo, quando necessário",318,null,{"v":82.59740259740259,"d":"82.6"}]
["Faz Adubação Mineral, quando necessário",220,null,{"v":57.14285714285714,"d":"57.1"}]
["Faz Adubação Orgânica, quando necessário",202,null,{"v":52.467532467532465,"d":"52.5"}]
["Faz Adubação Verde, quando necessário",169,null,{"v":43.896103896103895,"d":"43.9"}]
["Utiliza Manejo Integrado de Pragas (MIP)",1,null,{"v":0.25974025974025977,"d":"0.3"}]
["Utiliza Hidroponia","-",null,"-"]
["Utiliza Plasticultura",7,null,{"v":1.8181818181818183,"d":"1.8"}]
["Utiliza Mudas Fiscalizadas",179,null,{"v":46.493506493506494,"d":"46.5"}]
["Utiliza Semente Melhorada",207,null,{"v":53.76623376623376,"d":"53.8"}]
["Faz Confinamento de Bovinos",4,null,{"v":1.0389610389610389,"d":"1.0"}]
["Utiliza Pastejo Intensivo",132,null,{"v":34.285714285714285,"d":"34.3"}]
["Faz Inseminação Artificial",5,null,{"v":1.2987012987012987,"d":"1.3"}]
["Faz Mineralização do Rebanho",282,null,{"v":73.24675324675324,"d":"73.2"}]
["Faz Vermifugação do Rebanho",284,null,{"v":73.76623376623377,"d":"73.8"}]
["Possui Parceiros /Arrendatários na Exploração Animal",16,null,{"v":4.155844155844156,"d":"4.2"}]
["Esporte e lazer",1,null,{"v":0.25974025974025977,"d":"0.3"}]
["Extração mineral","-",null,"-"]
["Hotel Fazenda, Pousada ou SPA",1,null,{"v":0.25974025974025977,"d":"0.3"}]
["Pesque-pague","-",null,"-"]
["Restaurante ou Lanchonete","-",null,"-"]
["Transformação artesanal","-",null,"-"]
["Turismo rural ou ecoturismo",1,null,{"v":0.25974025974025977,"d":"0.3"}]
["Outras atividades econômicas rurais","-",null,"-"]
["Agroindústria","-",null,"-"]
["Proprietário sem instrução ou com instrução incompleta",2,null,{"v":0.5194805194805195,"d":"0.5"}]
["Proprietário com antigo primário completo",213,null,{"v":55.32467532467532,"d":"55.3"}]
["Proprietário com 1° grau (ou antigo ginasial) completo",50,null,{"v":12.987012987012987,"d":"13.0"}]
["Proprietário com 2° grau (ou antigo colegial) completo",71,null,{"v":18.441558441558442,"d":"18.4"}]
["Proprietário com curso superior completo ",47,null,{"v":12.207792207792208,"d":"12.2"}]
["Pessoa Jurídica",2,null,{"v":0.5194805194805195,"d":"0.5"}]
["Proprietário residente na própria UPA ",111,null,{"v":28.83116883116883,"d":"28.8"}]
["Fonte: Secretaria de Agricultura e Abastecimento, CDRS/IEA, Projeto LUPA."]
[]
["TABELA 320.5 - Área Cultivada, Município de Manduri, Estado de São Paulo, 2007/08."]
["CULTURA","N.DE UPAs","MÍNIMO","MÉDIO","MÁXIMO","TOTAL"]
["Braquiaria",336,0.5,{"v":23.77,"d":"23.8"},{"v":393,"d":"393.0"},{"v":7987.7,"d":"7,987.7"}]
["Milho",85,{"v":1,"d":"1.0"},{"v":32.03,"d":"32.0"},{"v":1200,"d":"1,200.0"},{"v":2722.8,"d":"2,722.8"}]
["Cana-de-acucar",74,0.5,{"v":33.89,"d":"33.9"},{"v":590,"d":"590.0"},{"v":2507.8,"d":"2,507.8"}]
["Cafe",174,{"v":1,"d":"1.0"},{"v":8.07,"d":"8.1"},{"v":121,"d":"121.0"},{"v":1403.9,"d":"1,403.9"}]
["Soja",19,{"v":9,"d":"9.0"},{"v":73.37,"d":"73.4"},{"v":170,"d":"170.0"},{"v":1394,"d":"1,394.0"}]
["Trigo",8,{"v":20,"d":"20.0"},129.5,{"v":530,"d":"530.0"},{"v":1036,"d":"1,036.0"}]
["Eucalipto",103,0.5,{"v":8.47,"d":"8.5"},{"v":104,"d":"104.0"},872.1]
["Pinus",3,{"v":46,"d":"46.0"},{"v":287,"d":"287.0"},{"v":735,"d":"735.0"},{"v":861,"d":"861.0"}]
["Capim-napier (ou capim-elefante)",126,0.3,{"v":1.47,"d":"1.5"},{"v":8,"d":"8.0"},184.9]
["Gramas",2,{"v":30,"d":"30.0"},{"v":35,"d":"35.0"},{"v":40,"d":"40.0"},{"v":70,"d":"70.0"}]
["Feijao",1,{"v":50,"d":"50.0"},{"v":50,"d":"50.0"},{"v":50,"d":"50.0"},{"v":50,"d":"50.0"}]
["Girassol",1,{"v":35,"d":"35.0"},{"v":35,"d":"35.0"},{"v":35,"d":"35.0"},{"v":35,"d":"35.0"}]
["Crotalaria",1,{"v":20,"d":"20.0"},{"v":20,"d":"20.0"},{"v":20,"d":"20.0"},{"v":20,"d":"20.0"}]
["Abacate",1,{"v":18,"d":"18.0"},{"v":18,"d":"18.0"},{"v":18,"d":"18.0"},{"v":18,"d":"18.0"}]
["Outras gramineas para pastagem",2,1.6,5.3,{"v":9,"d":"9.0"},10.6]
["Pimentao",6,{"v":1,"d":"1.0"},1.4,{"v":2,"d":"2.0"},8.4]
["Pupunha",1,{"v":2,"d":"2.0"},{"v":2,"d":"2.0"},{"v":2,"d":"2.0"},{"v":2,"d":"2.0"}]
["Manga",1,{"v":2,"d":"2.0"},{"v":2,"d":"2.0"},{"v":2,"d":"2.0"},{"v":2,"d":"2.0"}]
["Melancia",1,{"v":1,"d":"1.0"},{"v":1,"d":"1.0"},{"v":1,"d":"1.0"},{"v":1,"d":"1.0"}]
["Pomar domestico",1,{"v":1,"d":"1.0"},{"v":1,"d":"1.0"},{"v":1,"d":"1.0"},{"v":1,"d":"1.0"}]
["Fonte: Secretaria de Agricultura e Abastecimento, CDRS/IEA, Projeto LUPA."]